000 00381nam a2200133Ia 4500
008 151001s9999||||xx |||||||||||||| ||und||
100 _aहरी नारायण आपटे
245 _aगड आला पण सिंह गेला
250 _a3
260 _bआर्यभूषण मुद्रणालय
260 _c1964
300 _a159
365 _b21
999 _c956670
_d956667